Catálogo
 En Linea

Le bonheur est une femme / : (Registro nro. 35928)

Detalles MARC
000 -CABECERA
campo de control de longitud fija 00387nam a2200145 a 4500
001 - NÚMERO DE CONTROL
campo de control 000036437
005 - FECHA Y HORA DE LA ÚLTIMA TRANSACCIÓN
campo de control 20200930075730.0
008 - DATOS DE LONGITUD FIJA--INFORMACIÓN GENERAL
campo de control de longitud fija 120117s19uu dr b 000 0 spa d
040 ## - FUENTE DE LA CATALOGACIÓN
Centro catalogador/agencia de origen DO-SdBNP
Lengua de catalogación spa
Centro/agencia transcriptor BNPHU
082 ## - NÚMERO DE LA CLASIFICACIÓN DECIMAL DEWEY
Número de clasificación xxxx
Número de documento/Ítem xxxx
100 1# - ENTRADA PRINCIPAL--NOMBRE DE PERSONA
Nombre de persona Baurin, jeanne
9 (RLIN) 62656
245 13 - MENCIÓN DE TÍTULO
Título Le bonheur est une femme / :
Resto del título Jeanne Bourin.
260 ## - PUBLICACIÓN, DISTRIBUCIÓN, ETC.
Lugar de publicación, distribución, etc. [s.n.],
Fecha de publicación, distribución, etc. [19uu]?
300 ## - DESCRIPCIÓN FÍSICA
Extensión 462p. ;
Dimensiones 20 cm.
Existencias
Estado de retiro Estado de pérdida No para préstamo Código de colección Localización permanente Ubicación/localización actual Ubicación en estantería Fecha de adquisición Número de inventario Total de préstamos Signatura topográfica completa Código de barras Fecha visto por última vez Precio válido a partir de Tipo de ítem Koha
    Excluido de préstamo Patrimonio Dominicano General General Depósito 17.01.2012 LF1   xxxx xxxx 36438-10 25.06.2020 25.06.2020 Libro y Folleto Colección Patrimonio Dominicano
      Patrimonio Dominicano General General Orden iniciada 17.01.2012 LF1   xxxx xxxx 36439-10 25.06.2020 25.06.2020 Libro y Folleto Colección Patrimonio Dominicano

Con tecnología Koha